Genetic programming theory and practice IV
Saved in:
| Other Authors: | , , |
|---|---|
| Format: | Book |
| Language: | English |
| Published: |
New York :
Springer,
2007
|
| Series: | Genetic and evolutionary computation
|
| Subjects: | |
| Tags: |
Add Tag
No Tags, Be the first to tag this record!
|
MARC
| LEADER | 00000nam a2200000 i 4500 | ||
|---|---|---|---|
| 001 | 1/50725 | ||
| 008 | 070806s2007 eng d | ||
| 020 | |a 978-0-387-33375-5 (hbk.) | ||
| 020 | |a 0-387-33375-4 | ||
| 035 | |l 10089531 | ||
| 040 | |a GR-MY-UA |b gre |e aacr | ||
| 041 | 0 | |a eng | |
| 082 | 0 | |a 006.31 |2 (22) | |
| 245 | 1 | 0 | |a Genetic programming theory and practice IV / |c [edited by] Rick Riolo, Terence Soule, Bill Worzel |
| 260 | |a New York : |b Springer, |c 2007 | ||
| 300 | |a xvi, 338σ.; |b σχ. πιν.; |c 25εκ. | ||
| 490 | 1 | |a Genetic and evolutinary computation | |
| 504 | |a Περιλαμβάνει βιβλιογραφίες και ευρετήριο. | ||
| 650 | 0 | 0 | |a Genetic programming (Computer science) |
| 700 | 1 | |a Riolo, Rick. |4 edt | |
| 700 | 1 | |a Soule, Terence. |4 edt | |
| 700 | 1 | |a Worzel, Bill. |4 edt | |
| 830 | 0 | |a Genetic and evolutionary computation | |
| 852 | |a INST |b CHIOS |e 20070806 |h 006.31 GEN |p 005200025656 |q 005200025656 |t BK |y 0 | ||
| 901 | |a BIBL2-2007-2 | ||
| 909 | |a Χ |b 137233 | ||
| 922 | |a 2ΕΛΗ |b 200707 |c ΕΠΕΑΕΚ2/ΤΜΟΔ |d ΕΛΕΥΘΕΡΟΥΔΑΚΗΣ | ||
| 970 | |a Ατσάλη |b Δέσποινα |z 2007/08/06 | ||